Mathematiques : M.P.C. et speciales B

Αποθηκεύτηκε σε:
Λεπτομέρειες βιβλιογραφικής εγγραφής
Κύριος συγγραφέας: Lesieur, Leonce, 1914-2002
Άλλοι συγγραφείς: Joulain, Claude
Μορφή: Βιβλίο
Γλώσσα:French
Δημοσίευση: Paris : Armand Colin, c1964
Σειρά:Collection U. Serie Mathematiques
Θέματα:
Ετικέτες: Προσθήκη ετικέτας
Δεν υπάρχουν, Καταχωρήστε ετικέτα πρώτοι!

MARC

LEADER 00000cam a2200000 i 4500
001 1/99551
008 081216s1964 fre d
035 |l 10102507 
040 |a GR-MY-UA  |b gre  |e aacr 
041 0 |a fre 
082 0 |a 510  |2 (22) 
100 1 |a Lesieur, Leonce,   |d 1914-2002. 
245 1 0 |a Mathematiques :  |b M.P.C. et speciales B /  |c Leonce Lesieur ; avec la collaboration de Jean Lefebvre 
260 |a Paris :   |b Armand Colin,   |c c1964 
300 |a 2 τ.;  |b εικ.;  |c 23 εκ. 
490 1 |a Collection U. Serie Mathematiques 
504 |a Περιέχει ευρετήριο 
505 0 |a Τ. 1. Algebre, geometrie et mecaniqueτ. 2. Analyse, statistique et probabilites 
650 0 0 |a Mathematics. 
700 1 |a Joulain, Claude. 
740 0 2 |a Algebre, geometrie et mecanique 
740 0 2 |a Analyse, statistique et probabilites 
830 0 |a Collection U. Serie Mathematiques 
852 |a INST  |b SAMOS  |c MAG  |e 20081216  |h 510 LES  |p 005300029522  |q 005300029522  |t BK  |v τ.2:  |y 0  |z τ.2 
852 |a INST  |b SAMOS  |c MAG  |e 20100414  |h 510 LES  |p 005300032031  |q 005300032031  |t BK  |v τ.1:  |y 0  |z τ.1 
853 |a INST  |b SAMOS  |c MAG  |h 510 LES 
901 |a BIBL3-2010-1 
901 |a BIBL3-2008-3 
909 |a Σ  |b 162174 
909 |a Σ  |b 155451 
970 |a ΡΟΥΣΣΟΥ  |b ΚΩΝΣΤΑΝΤΙΝΑ  |z 2008/12/16